1204 1959 1818 1793 1055 1180 1112 1655 1104 1377 1153 1650 1325 1802 1521 1263 1415 1895 1901 1388 1059 1573 1074 1568 1021 1411 1746 1972 1005 1624 1098 1251 1108 1747 1834 1965 1704 1065 1764 1958 1579 1961 1428 1394 1707 1960 1905 1318 1357 1021 1199 1084 1522 1682 1783 1071 1007 1686 1966 1869 1099 1476 1039 1017 1859 1588 1024 1962 1822 1833 1282 1968 1938 1725 1735 1574 1422 1838 1844 1858 1894 1760 1117 1466 1364 1545 1203 1936 1165 1042 1254 1733 1666 1137 1426 1212 1440 1238 1693 BCNSPRNW ULIB Ver.6.0+V

เปลี่ยนเป็นภาษาไทย

Change to English
 แสดงรายละเอียดบรรณานุกรม
  กลับหน้าหลัก

Brief Record : Get Marc (ISO 2709) : E-mail record : QR code < ปิดหน้าต่าง
LEADER : 00000nam 2200000uu 4500
001    13399120122
003     ULIB
008    120904s2543||||th 000 0 tha d
020    ^a9742937826
060 04 ^aQZ40^bว790พ 2543
100 0  ^aวิสิทธิ์ อวิรุทร์นันท์
245 10 ^aพยาธิวิทยาระบบประสาท /^cวิสิทธิ์ อวิรุทร์นันท์
250    ^aพิมพ์ครั้งที่ 1
260    ^aนนทบุรี :^bโครงการสวัสดิการวิชาการ สถาบันพระบรมราชชนก,^c2543
300    ^a154 หน้า
650  7 ^aประสาท^xพยาธิวิทยา
945    ^p0^l0^i19413
945    ^p0^l0^i19414
945    ^p0^l0^i19415
995    ^aกัณชพร
999 ^a ใช้งานได้ทุกระบบ
รายการนี้ยังไม่มีแท็ก
คุณยังไม่ได้ล็อกอิน คุณสามารถมีกิจกรรมร่วมกับเว็บไซต์ได้ แต่ต้องล็อกอินก่อน ::
  ล็อกอิน

รายการสื่อสารสนเทศ

ลำดับที่ ประเภท เลขเรียก/บาร์โค้ด สถานที่ สถานะ
- ไม่พบข้อมูล -

รายการใกล้เคียง
    ผู้แต่ง [วิสิทธิ์ อวิรุทร์นันท์]

BibComment


ยังไม่เคยถูกคอมเมนท์

คอมเมนท์ทรัพยากรรายการนี้
  คอมเมนท์: พยาธิวิทยาระบบปร..


 Copyright 2026. Bcnsprnw @Library